Central Library OPAC University of Rajshahi

Techniques of retail merchandising / (Record no. 17618)

MARC details
000 -LEADER
fixed length control field 00848cam a22002771 4500
001 - CONTROL NUMBER
control field 17618
003 - CONTROL NUMBER IDENTIFIER
rucl marc code BD-RjUL
005 - DATE AND TIME OF LATEST TRANSACTION
control field 20211209000152.0
008 - FIXED-LENGTH DATA ELEMENTS--GENERAL INFORMATION
fixed length control field 140217r19551950xx 001 0 eng
035 ## - SYSTEM CONTROL NUMBER
System control number (BD-RjUL)17676
System control number (OCoLC)1510754
040 ## - CATALOGING SOURCE
Original cataloging agency DLC
Transcribing agency FM
Modifying agency DLC
-- BD-RjUL
Language of cataloging eng
041 ## - LANGUAGE CODE
Language code of text/sound track or separate title eng
082 ## - DEWEY DECIMAL CLASSIFICATION NUMBER
Classification number 658.87
Author mark and year WIT 1955
100 1# - MAIN ENTRY--PERSONAL NAME
Personal name Wingate, John Williams.
Dates associated with a name 1899-
9 (RLIN) 54315
245 10 - TITLE STATEMENT
Title Techniques of retail merchandising /
Statement of responsibility, etc. byJohn Williams Wingate.
260 ## - PUBLICATION, DISTRIBUTION, ETC. (IMPRINT)
Place of publication, distribution, etc. New York :
Name of publisher, distributor, etc. Prentice-Hall,
Date of publication, distribution, etc. c1950 [Reprint 1955].
300 ## - PHYSICAL DESCRIPTION
Pagination xv, 620 p. :
Illustrations illus. ;
Size 22 cm.
490 0# - SERIES STATEMENT
Series statement Prentice-Hall retailing series
504 ## - BIBLIOGRAPHY, ETC. NOTE
Bibliography, etc Includes Index.
650 #0 - SUBJECT ADDED ENTRY--TOPICAL TERM
Topical term or geographic name as entry element Retail trade.
9 (RLIN) 54316
700 1# - ADDED ENTRY--PERSONAL NAME
Personal name Schaller, Elmer O.
Fuller form of name (Elmer Otto)
Relator term joint author.
942 ## - ADDED ENTRY ELEMENTS (KOHA)
Source of classification or shelving scheme Dewey Decimal Classification
Koha item type Books
Holdings
Lost status Source of classification or shelving scheme Damaged status Not for loan Collection code Permanent Location Current Location Shelving location Date acquired Source of acquisition Cost, normal purchase price Total Checkouts Full call number Date last seen Copy number Koha item type
  Dewey Decimal Classification   Not For Loan Non-fiction Central Library, University of Rajshahi Central Library, University of Rajshahi Reading Room 23/04/1959 Asia Fundation Gift 0.00   658.87 WIT 1955 17/02/2014 C-1 Books